000 00763nam a2200241 i 4500
001 C2-0289684
003 PPAK
005 20180728022411.0
008 080827s1983 xx |||| ||||| | eng d
040 _aPPAK
_beng
_cPPAK
_erda
082 0 4 _a630.9595
_223
090 0 0 _a630.9595
_bMAL
_dKK
110 2 _aMalaysia, Government
245 0 0 _aFeasibility study of reman reservoir project
_binterim report
264 1 _bJapan International Cooperation Agency ,
_c1983
300 _avarious pages pages ;
_c30 cm
336 _2rdacontent
_atext
337 _2rdamedia
_aunmediated
338 _2rdacarrier
_avolume
650 1 0 _aAgriculture - Research - Malaysia ; Agriculture and state - Malaysia
710 2 _aMalaysia, Government
_eorganizer
942 _ddc
_cB
999 _c95060
_d95060